[Event "Catalunya-chT Gp2"]
[Site "Barcelona"]
[Date "2022.03.05"]
[Round "7.10"]
[White "Ioseliani, Irina"]
[Black "Rodriguez Marcos, Jose Ramon"]
[Result "1-0"]
[WhiteElo "1936"]
[BlackElo "1897"]
[PlyCount "83"]
[EventDate "2022.01.22"]
[EventType "team-tourn"]
[EventRounds "9"]
[EventCountry "ESP"]
[SourceTitle "CBM 208 Extra"]
[Source "ChessBase"]
[SourceDate "2022.07.31"]
[SourceVersion "1"]
[SourceVersionDate "2022.07.31"]
[SourceQuality "1"]
[WhiteTeam "Platja D'Aro"]
[BlackTeam "Salauris"]
[WhiteTeamCountry "ESP"]
[BlackTeamCountry "ESP"]

1. d4 Nf6 2. Nf3 e6 3. e3 c5 4. c4 d5 5. Nc3 Nc6 6. Be2 Bd6 7. 0-0 0-0 8. a3 cxd4 9. exd4 dxc4 10. Bxc4 a6 11. Bg5 Be7 12. Re1 b5 13. Ba2 h6 14. Bh4 Nd5 15. Bg3 Nxc3 16. bxc3 Bd6 17. Qc2 Bxg3 18. hxg3 Ne7 19. Bb1 g6 20. Ne5 Qc7 21. Qd2 Kg7 22. Ng4 Ng8 23. Qd3 h5 24. Ne5 Ne7 25. Re3 Bb7 26. g4 hxg4 27. Nxg4 Nf5 28. Re5 Rh8 29. Qd2 Rh5 30. Ne3 f6 31. Rxe6 Nxe3 32. Qxe3 Qh2+ 33. Kf1 Qxg2+ 34. Ke2 Bd5 35. Re7+ Bf7 36. Ba2 Qg4+ 37. Kd2 Rf8 38. Re1 Rh3 39. Bxf7 Rxe3 40. Be6+ Rf7 41. Rxf7+ Kg8 42. Bxg4 1-0

[Event "Tarragona-ch Seniors"]
[Site "Cambrils"]
[Date "2020.03.12"]
[Round "8.1"]
[White "Sanchez Bernardino, Miguel Angel"]
[Black "Rodriguez Marcos, Jose Ramon"]
[Result "1-0"]
[WhiteElo "1907"]
[BlackElo "1889"]
[PlyCount "70"]
[EventDate "2020.01.23"]
[EventType "swiss"]
[EventRounds "8"]
[EventCountry "ESP"]
[SourceTitle "EXT 2024"]
[Source "ChessBase"]
[SourceDate "2023.10.10"]
[SourceVersion "1"]
[SourceVersionDate "2023.10.10"]
[SourceQuality "1"]

1. e4 c5 2. Nf3 d6 3. d4 cxd4 4. Nxd4 Nf6 5. Nc3 a6 6. Be3 Ng4 7. Bg5 h6 8. Bh4 g5 9. Bg3 Bg7 10. Be2 Ne5 11. Nd5 Nbc6 12. Nf5 Bxf5 13. exf5 e6 14. fxe6 fxe6 15. Bh5+ Kd7 16. Ne3 Qe7 17. Qd2 Rad8 18. 0-0 Kc8 19. f4 gxf4 20. Rxf4 Qg5 21. Qe2 Rdf8 22. Ra4 Qe7 23. Rd1 d5 24. Ng4 Rf5 25. Ne3 Rff8 26. c3 Rhg8 27. b4 Bf6 28. b5 Nb8 29. bxa6 Nxa6 30. Ng4 Nc6 31. Nxf6 Rxf6 32. Rb1 Qc5+ 33. Bf2 Qxc3 34. Rxa6 Rxf2 35. Qxe6+ Kc7 1-0

[Event "Tarragona-ch Seniors"]
[Site "Cambrils"]
[Date "2020.02.13"]
[Round "4.2"]
[White "Rodriguez Marcos, Jose Ramon"]
[Black "Regue Farran, Enric"]
[Result "1-0"]
[WhiteElo "1889"]
[BlackElo "1932"]
[PlyCount "66"]
[EventDate "2020.01.23"]
[EventType "swiss"]
[EventRounds "8"]
[EventCountry "ESP"]
[SourceTitle "EXT 2024"]
[Source "ChessBase"]
[SourceDate "2023.10.10"]
[SourceVersion "1"]
[SourceVersionDate "2023.10.10"]
[SourceQuality "1"]

1. e4 c5 2. Nf3 Nc6 3. d4 cxd4 4. Nxd4 g6 5. Nc3 Bg7 6. Be3 d6 7. f3 Nf6 8. Qd2 Bd7 9. 0-0-0 h5 10. Kb1 a6 11. Nb3 b5 12. Nd5 Nxd5 13. exd5 Ne5 14. Bd4 Bf6 15. f4 Ng4 16. h3 Nh6 17. g4 hxg4 18. hxg4 Bxg4 19. Re1 Bxd4 20. Nxd4 Bd7 21. f5 Qb6 22. fxg6 0-0-0 23. g7 Rh7 24. Nc6 Bxc6 25. dxc6 Qxc6 26. Rxh6 Rxg7 27. Rh3 Kd7 28. Rc3 Qb7 29. Bh3+ e6 30. Qh6 Rg6 31. Bxe6+ Rxe6 32. Rxe6 Qd5 33. Rxd6+ Qxd6 1-0

[Event "Salou op U2300 3rd"]
[Site "Salou"]
[Date "2018.04.28"]
[Round "2"]
[White "Martinez Arbones, Victor"]
[Black "Rodriguez Marcos, Jose Ramon"]
[Result "1/2-1/2"]
[WhiteElo "1401"]
[BlackElo "1933"]
[PlyCount "65"]
[EventDate "2018.04.28"]
[EventType "swiss"]
[EventRounds "7"]
[EventCountry "ESP"]
[SourceTitle "CBM 184 Extra"]
[Source "ChessBase"]
[SourceDate "2018.06.28"]
[SourceVersion "1"]
[SourceVersionDate "2018.06.28"]
[SourceQuality "1"]

1. e4 c5 2. Nf3 d6 3. d4 cxd4 4. Nxd4 Nf6 5. Nc3 a6 6. Be2 e5 7. Nf3 h6 8. 0-0 Be6 9. Re1 Nbd7 10. Bd2 b5 11. a3 Rc8 12. Bd3 Qc7 13. b4 Nb6 14. Ne2 Nc4 15. Bc3 Be7 16. Nd2 0-0 17. Ng3 Rfd8 18. Nxc4 Bxc4 19. Bd2 Bf8 20. Nh5 Qe7 21. Re3 Bxd3 22. cxd3 Nxh5 23. Qxh5 Qg5 24. Qxg5 hxg5 25. Ree1 Be7 26. Rac1 Kf8 27. Rxc8 Rxc8 28. Rc1 Rxc1+ 29. Bxc1 Ke8 30. Kf1 Kd7 31. Ke2 Ke6 32. g4 d5 33. f3 1/2-1/2

[Event "Tarragona-chA"]
[Site "Tarragona"]
[Date "2017.10.29"]
[Round "4"]
[White "Sanchez Gilabert, Andrea"]
[Black "Rodriguez Marcos, Jose Ramon"]
[Result "0-1"]
[WhiteElo "1473"]
[BlackElo "1900"]
[PlyCount "58"]
[EventDate "2017.10.08"]
[EventType "swiss"]
[EventRounds "9"]
[EventCountry "ESP"]
[SourceTitle "CBM 181 Extra"]
[Source "ChessBase"]
[SourceDate "2017.12.12"]
[SourceVersion "1"]
[SourceVersionDate "2017.12.12"]
[SourceQuality "1"]

1. Nf3 Nf6 2. c4 c5 3. Nc3 Nc6 4. e3 d6 5. d4 cxd4 6. exd4 g6 7. Be2 Bg7 8. 0-0 0-0 9. Be3 Ng4 10. h3 Nxe3 11. fxe3 e5 12. d5 Nb8 13. a3 Qb6 14. Qd2 Bh6 15. Nd1 f5 16. Kh1 Nd7 17. b4 Nf6 18. Qc1 Ne4 19. Re1 f4 20. Bd3 Ng3+ 21. Kg1 e4 22. Bxe4 Nxe4 23. Rb1 fxe3 24. Nxe3 Bf5 25. Rb3 Rae8 26. Nh2 Ng3 27. Qc3 Ne4 28. Qc1 Nc5 29. Rc3 Nd3 0-1

[Event "Salou op"]
[Site "Salou"]
[Date "2017.04.30"]
[Round "3"]
[White "Rodriguez Marcos, Jose Ramon"]
[Black "Campos Olaya, Israel"]
[Result "0-1"]
[WhiteElo "1914"]
[BlackElo "2165"]
[PlyCount "34"]
[EventDate "2017.04.29"]
[EventType "swiss"]
[EventRounds "6"]
[EventCountry "ESP"]
[SourceTitle "CBM 178 Extra"]
[Source "ChessBase"]
[SourceDate "2017.06.22"]
[SourceVersion "1"]
[SourceVersionDate "2017.06.22"]
[SourceQuality "1"]

1. e4 d5 2. exd5 Nf6 3. d4 Bg4 4. Nf3 Qxd5 5. Be2 Nc6 6. 0-0 0-0-0 7. c4 Qh5 8. Be3 e5 9. d5 e4 10. Nd4 Nxd4 11. Bxg4+ Nxg4 12. h3 Nf3+ 13. gxf3 Qxh3 14. fxg4 Bd6 15. Re1 Bh2+ 16. Kh1 Rd6 17. Nc3 Bf4+ 0-1

[Event "Tarragona Province-ch"]
[Site "Tarragona"]
[Date "2015.11.15"]
[Round "7"]
[White "Rodriguez Marcos, Jose Ramon"]
[Black "Rius Guarch, Daniel"]
[Result "1-0"]
[WhiteElo "2129"]
[BlackElo "2060"]
[PlyCount "51"]
[EventDate "2015.09.27"]
[EventType "swiss"]
[EventRounds "9"]
[EventCountry "ESP"]
[SourceTitle "EXT 2017"]
[Source "ChessBase"]
[SourceDate "2016.10.25"]
[SourceVersion "1"]
[SourceVersionDate "2016.10.25"]
[SourceQuality "1"]

1. e4 d6 2. d4 Nf6 3. Nc3 Nbd7 4. f4 e5 5. Nf3 exd4 6. Nxd4 Nc5 7. Qf3 Bg4 8. Qe3 Be7 9. f5 0-0 10. Bd3 d5 11. e5 Nxd3+ 12. Qxd3 c5 13. exf6 Bxf6 14. Nf3 Re8+ 15. Kf2 c4 16. Qxd5 Qb6+ 17. Kg3 h5 18. Qb5 Qc7+ 19. Bf4 Qc8 20. Rhe1 Rxe1 21. Rxe1 Bxf5 22. Nd5 h4+ 23. Kf2 Bxc2 24. Nc7 a6 25. Qxc4 Qf5 26. Nxa8 1-0

[Event "Benidorm op U2000 12th"]
[Site "Benidorm"]
[Date "2013.12.02"]
[Round "5"]
[White "Aliyev, Ravan"]
[Black "Rodriguez Marcos, Jose Ramon"]
[Result "1-0"]
[WhiteElo "1956"]
[BlackElo "1985"]
[PlyCount "65"]
[EventDate "2013.11.29"]
[EventType "swiss"]
[EventRounds "10"]
[EventCountry "ESP"]
[SourceTitle "CBM 157 Extra"]
[Source "ChessBase"]
[SourceDate "2013.12.19"]
[SourceVersion "1"]
[SourceVersionDate "2013.12.19"]
[SourceQuality "1"]

1. e4 c5 2. Nc3 Nc6 3. g3 d6 4. Bg2 g6 5. d3 Bg7 6. Nge2 Nf6 7. h3 Bd7 8. 0-0 a6 9. a4 Nd4 10. Be3 e5 11. f4 b5 12. axb5 axb5 13. Rxa8 Qxa8 14. fxe5 dxe5 15. Bg5 Qc6 16. Qe1 Nh5 17. g4 Ne6 18. Be3 Nhf4 19. Nxf4 Nxf4 20. Bxf4 exf4 21. Rxf4 0-0 22. Nd5 Qd6 23. c3 b4 24. Qf1 bxc3 25. bxc3 Be6 26. Nf6+ Kh8 27. g5 Qe5 28. Rh4 h5 29. Qf4 Qxc3 30. Bf1 Qd4+ 31. Kh1 Ra8 32. Qf3 Ra1 33. Rxh5+ 1-0

[Event "Benidorm op U2000 12th"]
[Site "Benidorm"]
[Date "2013.11.30"]
[Round "2"]
[White "Rodriguez Marcos, Jose Ramon"]
[Black "Soria Martinez, Sergio"]
[Result "1-0"]
[WhiteElo "1985"]
[BlackElo "1867"]
[PlyCount "99"]
[EventDate "2013.11.29"]
[EventType "swiss"]
[EventRounds "10"]
[EventCountry "ESP"]
[SourceTitle "CBM 157 Extra"]
[Source "ChessBase"]
[SourceDate "2013.12.19"]
[SourceVersion "1"]
[SourceVersionDate "2013.12.19"]
[SourceQuality "1"]

1. d4 d5 2. c4 e6 3. Nc3 Nf6 4. Nf3 Be7 5. e3 b6 6. Bd3 0-0 7. 0-0 Bb7 8. Qc2 dxc4 9. Bxc4 Bxf3 10. gxf3 c6 11. Rd1 Nbd7 12. e4 b5 13. Bd3 h6 14. Kh1 Kh8 15. Rg1 e5 16. Ne2 exd4 17. Bxh6 gxh6 18. Qd2 Ng4 19. Rxg4 Bg5 20. f4 Ne5 21. Rg3 Nxd3 22. Qxd3 Bh4 23. Rg2 c5 24. Qxb5 d3 25. Nc3 Qd4 26. Qc6 Kh7 27. Qd5 Qxd5 28. Nxd5 Rab8 29. f3 c4 30. Rc1 Rfc8 31. f5 Rb5 32. Nc3 Ra5 33. f4 Rb8 34. Rcg1 Kh8 35. e5 Rc5 36. f6 Rcc8 37. Rc1 Rd8 38. Ne4 Rd4 39. Nd6 Rxd6 40. exd6 Bxf6 41. Rxc4 Rd8 42. Rc6 Bd4 43. Rd2 Rg8 44. h4 Rd8 45. Rxd3 Bxb2 46. d7 Kh7 47. Rc8 Bf6 48. Rxd8 Bxd8 49. Rc3 Bxh4 50. Rc8 1-0

[Event "Benidorm op U2000 11th"]
[Site "Benidorm"]
[Date "2012.12.06"]
[Round "7"]
[White "Moya Mallafre, Erik"]
[Black "Rodriguez Marcos, Jose Ramon"]
[Result "1-0"]
[WhiteElo "1995"]
[BlackElo "1962"]
[PlyCount "49"]
[EventDate "2012.11.30"]
[EventType "swiss"]
[EventRounds "10"]
[EventCountry "ESP"]
[SourceTitle "EXT 2014"]
[Source "ChessBase"]
[SourceDate "2013.11.20"]
[SourceVersion "1"]
[SourceVersionDate "2013.11.20"]
[SourceQuality "1"]

1. Nf3 d5 2. d4 Nf6 3. c4 e6 4. Nc3 c6 5. e3 Nbd7 6. Qc2 Be7 7. b3 0-0 8. Bd3 dxc4 9. bxc4 Qa5 10. 0-0 Qh5 11. e4 e5 12. Ne2 exd4 13. Ng3 Qc5 14. Nf5 Ne5 15. N3xd4 Nxd3 16. Qxd3 Rd8 17. Qg3 g6 18. Nb3 Nxe4 19. Nxc5 Bxc5 20. Nh6+ Kf8 21. Qf3 f5 22. Ba3 Kg7 23. Bxc5 Nxc5 24. Qe3 Ne4 25. f3 1-0

[Event "Benidorm op U2000 11th"]
[Site "Benidorm"]
[Date "2012.12.02"]
[Round "3"]
[White "Pastor Briones, Jose"]
[Black "Rodriguez Marcos, Jose Ramon"]
[Result "0-1"]
[WhiteElo "1883"]
[BlackElo "1962"]
[PlyCount "68"]
[EventDate "2012.11.30"]
[EventType "swiss"]
[EventRounds "10"]
[EventCountry "ESP"]
[SourceTitle "EXT 2014"]
[Source "ChessBase"]
[SourceDate "2013.11.20"]
[SourceVersion "1"]
[SourceVersionDate "2013.11.20"]
[SourceQuality "1"]

1. e4 c5 2. Nc3 d6 3. f4 Nf6 4. Nf3 a6 5. g3 Nc6 6. d3 e6 7. Bg2 Be7 8. 0-0 Qc7 9. Kh1 Nd4 10. Be3 e5 11. h3 h5 12. fxe5 dxe5 13. Bg5 Be6 14. Qd2 Nxf3 15. Rxf3 Qd7 16. Kh2 b5 17. Bxf6 Bxf6 18. Nd5 Bd8 19. c4 h4 20. Qf2 Bxd5 21. exd5 e4 22. Qe3 hxg3+ 23. Kg1 0-0 24. Qxe4 Qd6 25. Qg4 Bf6 26. Qf4 Qxf4 27. Rxf4 Bxb2 28. Rb1 Bd4+ 29. Kh1 b4 30. h4 a5 31. Bf3 Ra6 32. h5 Rd6 33. Kg2 a4 34. h6 g6 0-1

[Event "Tarragona Province-chA"]
[Site "Tarragona"]
[Date "2008.05.24"]
[Round "6"]
[White "Rodriguez Marcos, Jose Ramon"]
[Black "Garcia Carles, Eduard"]
[Result "1/2-1/2"]
[WhiteElo "1990"]
[BlackElo "1830"]
[PlyCount "48"]
[EventDate "2008.04.19"]
[EventType "swiss"]
[EventRounds "8"]
[EventCountry "ESP"]
[SourceTitle "EXT 2019"]
[Source "ChessBase"]
[SourceDate "2018.10.10"]
[SourceVersion "1"]
[SourceVersionDate "2018.10.10"]
[SourceQuality "1"]

1. e4 e5 2. Nf3 Nc6 3. Bb5 a6 4. Ba4 Nf6 5. 0-0 Nxe4 6. Re1 Nf6 7. d4 e4 8. d5 Ne7 9. Ng5 b5 10. Bb3 d6 11. Nxe4 Nxe4 12. Rxe4 Bf5 13. Re1 Qd7 14. a4 b4 15. a5 Qc8 16. Ra4 f6 17. Rxb4 Kf7 18. g4 Bd7 19. g5 h6 20. gxf6 gxf6 21. Qh5+ Kg7 22. Re6 Bxe6 23. dxe6 Qe8 24. Rg4+ Kh7 1/2-1/2

[Event "Benidorm op U2000 06th"]
[Site "Benidorm"]
[Date "2007.??.??"]
[Round "3"]
[White "Rodriguez Marcos, Jose Ramon"]
[Black "Gimenez Blanco, Ricardo"]
[Result "1-0"]
[WhiteElo "1985"]
[BlackElo "1695"]
[PlyCount "69"]
[EventDate "2007.11.??"]
[EventType "swiss"]
[EventRounds "9"]
[EventCountry "ESP"]
[SourceTitle "EXT 2010"]
[Source "ChessBase"]
[SourceDate "2010.11.25"]
[SourceVersion "1"]
[SourceVersionDate "2010.11.25"]
[SourceQuality "1"]

1. e4 e5 2. Nf3 Nc6 3. Bb5 d6 4. d4 Bd7 5. dxe5 Nxe5 6. Nxe5 Bxb5 7. Qd5 dxe5 8. Qxb5+ Qd7 9. Qxb7 Rd8 10. Nc3 Bc5 11. 0-0 Nf6 12. Bg5 c6 13. Qxd7+ Rxd7 14. Bxf6 gxf6 15. Rad1 Rxd1 16. Rxd1 Ke7 17. Na4 Bb6 18. Nxb6 axb6 19. f3 Rd8 20. Rxd8 Kxd8 21. Kf2 Kd7 22. Ke3 Kd6 23. b4 b5 24. Kd3 c5 25. bxc5+ Kxc5 26. Kc3 b4+ 27. Kd3 Kb5 28. c3 Kc5 29. g4 Kb5 30. h4 h6 31. c4+ Kc5 32. h5 Kb6 33. Kc2 Kc5 34. Kb3 Kd4 35. Kxb4 1-0

[Event "Benidorm Tecnologico op"]
[Site "Benidorm"]
[Date "2007.??.??"]
[Round "4"]
[White "Rodriguez Marcos, Jose Ramon"]
[Black "Pardo Simon, David"]
[Result "1/2-1/2"]
[WhiteElo "2039"]
[BlackElo "2170"]
[PlyCount "110"]
[EventDate "2007.11.??"]
[EventType "swiss"]
[EventRounds "7"]
[EventCountry "ESP"]
[SourceTitle "EXT 2010"]
[Source "ChessBase"]
[SourceDate "2010.11.25"]
[SourceVersion "1"]
[SourceVersionDate "2010.11.25"]
[SourceQuality "1"]

1. e4 e5 2. Nf3 Nc6 3. Bb5 a6 4. Bxc6 dxc6 5. 0-0 Bg4 6. h3 h5 7. d3 Qf6 8. Nbd2 Ne7 9. Re1 Ng6 10. d4 Bd6 11. Kf1 exd4 12. e5 Bxe5 13. Ne4 Qf5 14. Qd3 Bxf3 15. Nd6+ cxd6 16. Qxf5 Bxg2+ 17. Kg1 Bd5 18. Bg5 0-0 19. f4 Be6 20. Qe4 Bd5 21. Qf5 Be6 22. Qe4 d5 23. Qf3 f6 24. Bh6 gxh6 25. fxe5 fxe5 26. Qxh5 Kh7 27. Rf1 Rg8 28. Kh1 Raf8 29. a4 e4 30. b4 e3 31. Kh2 Bd7 32. b5 cxb5 33. Qxd5 Bc6 34. Rf7+ Rxf7 35. Qxf7+ Rg7 36. Qf5 bxa4 37. Rg1 a3 38. Qf6 e2 39. h4 h5 40. Qf5 a2 41. Qxh5+ Kg8 42. Qxe2 Nf4 43. Qc4+ Bd5 44. Rxg7+ Kxg7 45. Qxd4+ Kh7 46. Qb2 Nh5 47. Qe5 Ng7 48. Kg3 Ne6 49. Kf2 Nf4 50. Ke3 Ng2+ 51. Kd2 Nxh4 52. Kc1 Ng6 53. Qf6 Bc4 54. Kb2 b5 55. Qxa6 Kg7 1/2-1/2